Nimeä muumimukit #6 - Statistics

Yleistilastot
  • Tätä visaa on pelattu 14 kertaa
  • Keskiarvotulos 7 / 16
Vastaustilastot
Kuvavisa Vastaus % Oikein
Mörkö
92%
Mymmeli
92%
Poliisimestari
83%
Tiuhti ja Viuhti
83%
Tuutikki
83%
Delfiinisukellus
42%
Kalassa
42%
Nipsu turkoosi
42%
Talviyö
33%
Jouluyllätys
17%
Stockmann 150 erikoismuki
17%
Talvinuotio
17%
Uimahyppy simpukoilla
17%
Haisuli vauhdissa
8%
Muumit x Punainen Risti Muumipeikko
0%
Muumit x Punainen risti Nuuskamuikkunen
0%
Ehtoja vastaavia visoja ei löytynyt
Tulosjakauma
Jokaisen tuloksen saaneiden osuus
Persentiili vastausten määrän mukaan
Tuloshistoriasi
Et ole pelannut tätä visaa